000 00353nam a2200133Ia 4500
005 20260326100029.0
008 260326s9999||||xx |||||||||||||| ||und||
100 _aJoedicke, Jürgen
245 2 _aA History of Modern Architecture /
_cJürgen Joedicke
260 _bFrederick A. Praeger
300 _a243 p.
650 _aEDAD Contemporánea
942 _cBK
999 _c6537
_d6537